Curiosidades de países 3 - Estadísticas

Estadísticas generales
  • Esta prueba ha sido intentada 147 veces
  • La puntuación promedio es 3 de 15
Estadísticas de respuestas
Curiosidad País % Correcto
Único país del mundo que tiene 3 capitales simultáneas Sudáfrica
80%
La mayor fuente de ingresos de este país caribeño son los doctores Cuba
58%
País que tiene el mayor número de psicólogos per cápita Argentina
44%
Los habitantes de este país tienen prohibido entrar al famoso casino de su estado si no son trabajadores de él Mónaco
34%
País con mayor diversidad lingüística del planeta Papúa Nueva Guinea
27%
En la capital de este país se encuentra el reloj astronómico más antiguo del mundo República Checa
16%
Único país del mundo que está ubicado en los 4 hemisferios Kiribati
15%
Una ciudad de este país produce el 40% de los balones de fútbol de todo el mundo Pakistán
15%
Este país asiático cambió de nombre 6 veces en los últimos 65 años Camboya
14%
País que se considera el lugar de origen del vino Georgia
7%
Un rey de este país gobernó durante 20 minutos Portugal
5%
En este país, el 99'1% de la población es cristiana Timor Oriental
3%
Único país comunista que tuvo una monarquía Granada
2%
La primera cervecera Carlsberg fuera de Dinamarca se estableció en este país Malawi
2%
El cultivo de anacardo representa el 80% de los ingresos de exportación de este país Guinea-Bisáu
1%
No se encontraron pruebas coincidentes
Distribución de puntuación
Porcentaje de gente con cada puntuación
Porcentaje por número respondido
Historial de tus puntuaciones
No has intentado esta prueba.